MS-CIT complete Guide (Record no. 48159)

MARC details
000 -LEADER
fixed length control field 00250nam a2200109Ia 4500
008 - FIXED-LENGTH DATA ELEMENTS--GENERAL INFORMATION
fixed length control field 220805s9999 xx 000 0 und d
041 ## - LANGUAGE CODE
Language code of text/sound track or separate title eng
082 ## - DEWEY DECIMAL CLASSIFICATION NUMBER
Classification number 1.642
100 ## - MAIN ENTRY--PERSONAL NAME
Personal name Sarika Karade
9 (RLIN) 87513
260 ## - PUBLICATION, DISTRIBUTION, ETC. (IMPRINT)
Name of publisher, distributor, etc. Marg pub
245 ## - TITLE STATEMENT
Title MS-CIT complete Guide
Holdings
Withdrawn status Lost status Source of classification or shelving scheme Damaged status Not for loan Home library Current library Date acquired Vendor Cost, normal purchase price Full call number Barcode Date last seen Bill Date Koha item type Original Barcode
  Lost Dewey Decimal Classification     Manilal Nanavati Vocational Training Institute Pune Manilal Nanavati Vocational Training Institute Pune 09/08/2022 Purchase 70.00 1.642/BK684 MNVT-BK-684 09/08/2022 09/08/2022 Books B684